<?xml version="1.0" encoding="UTF-8"?>
<record
    xmlns:xsi="http://www.w3.org/2001/XMLSchema-instance"
    xsi:schemaLocation="http://www.loc.gov/MARC21/slim http://www.loc.gov/standards/marcxml/schema/MARC21slim.xsd"
    xmlns="http://www.loc.gov/MARC21/slim">

  <leader>01195nam a22002177a 4500</leader>
  <datafield tag="999" ind1=" " ind2=" ">
    <subfield code="c">67406</subfield>
    <subfield code="d">67406</subfield>
  </datafield>
  <controlfield tag="005">20231123140620.0</controlfield>
  <controlfield tag="008">      s2555    th ||||| |||| 00| 0 tha d</controlfield>
  <datafield tag="020" ind1=" " ind2=" ">
    <subfield code="a">9786162079108</subfield>
  </datafield>
  <datafield tag="040" ind1=" " ind2=" ">
    <subfield code="a">&#xE4C;&#xE4C;&#xE4C;&#xE4C;NALT</subfield>
  </datafield>
  <datafield tag="050" ind1=" " ind2=" ">
    <subfield code="a">DS 589.B2 </subfield>
    <subfield code="b">&#xE23;427&#xE1A; 2555</subfield>
  </datafield>
  <datafield tag="100" ind1="0" ind2=" ">
    <subfield code="a">&#xE23;&#xE32;&#xE0A;&#xE28;&#xE31;&#xE01;&#xE14;&#xE34;&#xE4C; &#xE19;&#xE34;&#xE25;&#xE28;&#xE34;&#xE23;&#xE34;</subfield>
    <subfield code="9">25600</subfield>
  </datafield>
  <datafield tag="245" ind1="1" ind2="0">
    <subfield code="a">Bangkok : </subfield>
    <subfield code="b">230 &#xE1B;&#xE35; &#xE21;&#xE2B;&#xE32;&#xE19;&#xE04;&#xE23;&#xE2B;&#xE25;&#xE32;&#xE01;&#xE0A;&#xE35;&#xE27;&#xE34;&#xE15; /</subfield>
    <subfield code="c">&#xE23;&#xE32;&#xE0A;&#xE28;&#xE31;&#xE01;&#xE14;&#xE34;&#xE4C; &#xE19;&#xE34;&#xE25;&#xE28;&#xE34;&#xE23;&#xE34;.</subfield>
  </datafield>
  <datafield tag="260" ind1=" " ind2=" ">
    <subfield code="a">&#xE01;&#xE23;&#xE38;&#xE07;&#xE40;&#xE17;&#xE1E;&#xE2F; : </subfield>
    <subfield code="b">&#xE40;&#xE19;&#xE0A;&#xE31;&#xE48;&#xE19;&#xE41;&#xE19;&#xE25; &#xE08;&#xE35;&#xE42;&#xE2D;&#xE01;&#xE23;&#xE32;&#xE1F;&#xE1F;&#xE34;&#xE01;, </subfield>
    <subfield code="c">2555.</subfield>
  </datafield>
  <datafield tag="300" ind1=" " ind2=" ">
    <subfield code="a">260 &#xE2B;&#xE19;&#xE49;&#xE32; :</subfield>
    <subfield code="b">&#xE20;&#xE32;&#xE1E;&#xE1B;&#xE23;&#xE30;&#xE01;&#xE2D;&#xE1A; ;</subfield>
    <subfield code="c">28 &#xE0B;&#xE21;.</subfield>
  </datafield>
  <datafield tag="651" ind1=" " ind2="0">
    <subfield code="a">&#xE01;&#xE23;&#xE38;&#xE07;&#xE40;&#xE17;&#xE1E;&#xE2F;</subfield>
    <subfield code="x">&#xE1B;&#xE23;&#xE30;&#xE27;&#xE31;&#xE15;&#xE34;&#xE28;&#xE32;&#xE2A;&#xE15;&#xE23;&#xE4C; </subfield>
    <subfield code="9">15347</subfield>
  </datafield>
  <datafield tag="651" ind1=" " ind2="4">
    <subfield code="9">25611</subfield>
    <subfield code="a">&#xE01;&#xE23;&#xE38;&#xE07;&#xE40;&#xE17;&#xE1E;&#xE2F; </subfield>
    <subfield code="x">&#xE04;&#xE27;&#xE32;&#xE21;&#xE40;&#xE1B;&#xE47;&#xE19;&#xE2D;&#xE22;&#xE39;&#xE48;&#xE41;&#xE25;&#xE30;&#xE1B;&#xE23;&#xE30;&#xE40;&#xE1E;&#xE13;&#xE35;</subfield>
  </datafield>
  <datafield tag="651" ind1=" " ind2="0">
    <subfield code="a">&#xE01;&#xE23;&#xE38;&#xE07;&#xE40;&#xE17;&#xE1E;&#xE2F; </subfield>
    <subfield code="x">&#xE20;&#xE39;&#xE21;&#xE34;&#xE1B;&#xE23;&#xE30;&#xE40;&#xE17;&#xE28;&#xE41;&#xE25;&#xE30;&#xE01;&#xE32;&#xE23;&#xE17;&#xE48;&#xE2D;&#xE07;&#xE40;&#xE17;&#xE35;&#xE48;&#xE22;&#xE27;</subfield>
    <subfield code="9">11209</subfield>
  </datafield>
  <datafield tag="850" ind1=" " ind2=" ">
    <subfield code="a">NALT</subfield>
  </datafield>
  <datafield tag="942" ind1=" " ind2=" ">
    <subfield code="c">GB</subfield>
    <subfield code="2">lcc</subfield>
    <subfield code="0">2</subfield>
  </datafield>
  <datafield tag="998" ind1=" " ind2=" ">
    <subfield code="j">1020</subfield>
    <subfield code="k"> &#xE19;&#xE32;&#xE07;&#xE08;&#xE33;&#xE40;&#xE23;&#xE35;&#xE22;&#xE07;  &#xE23;&#xE30;&#xE27;&#xE31;&#xE07;&#xE2A;&#xE33;&#xE42;&#xE23;&#xE07;</subfield>
  </datafield>
  <datafield tag="952" ind1=" " ind2=" ">
    <subfield code="0">0</subfield>
    <subfield code="1">0</subfield>
    <subfield code="2">lcc</subfield>
    <subfield code="4">0</subfield>
    <subfield code="7">0</subfield>
    <subfield code="8">CGBL</subfield>
    <subfield code="a">NALT</subfield>
    <subfield code="b">NALT</subfield>
    <subfield code="d">2022-02-17</subfield>
    <subfield code="e">&#xE08;&#xE31;&#xE14;&#xE0B;&#xE37;&#xE49;&#xE2D;&#xE17;&#xE23;&#xE31;&#xE1E;&#xE22;&#xE32;&#xE01;&#xE23;</subfield>
    <subfield code="g">1190.00</subfield>
    <subfield code="l">2</subfield>
    <subfield code="o">DS 589.B2 &#xE23;427&#xE1A; 2555</subfield>
    <subfield code="p">3961191153</subfield>
    <subfield code="r">2022-06-20 00:00:00</subfield>
    <subfield code="s">2022-04-04</subfield>
    <subfield code="t">&#xE09;. 1</subfield>
    <subfield code="v">1240.00</subfield>
    <subfield code="w">2017-06-09</subfield>
    <subfield code="y">GB</subfield>
  </datafield>
  <datafield tag="952" ind1=" " ind2=" ">
    <subfield code="0">0</subfield>
    <subfield code="1">0</subfield>
    <subfield code="2">lcc</subfield>
    <subfield code="4">0</subfield>
    <subfield code="7">0</subfield>
    <subfield code="8">CGBL</subfield>
    <subfield code="a">NALT</subfield>
    <subfield code="b">NALT</subfield>
    <subfield code="e">&#xE08;&#xE31;&#xE14;&#xE0B;&#xE37;&#xE49;&#xE2D;&#xE17;&#xE23;&#xE31;&#xE1E;&#xE22;&#xE32;&#xE01;&#xE23;</subfield>
    <subfield code="g">1190.00</subfield>
    <subfield code="l">0</subfield>
    <subfield code="o">DS 589.B2 &#xE23;427&#xE1A; 2555</subfield>
    <subfield code="p">3961191152</subfield>
    <subfield code="r">2017-06-09 00:00:00</subfield>
    <subfield code="t">&#xE09;. 2</subfield>
    <subfield code="v">1240.00</subfield>
    <subfield code="w">2017-06-09</subfield>
    <subfield code="y">GB</subfield>
  </datafield>
</record>
